Frascati Manual : Proposed Standard Practice for Surveys on Research and Experimental Development /

Enregistré dans:
Détails bibliographiques
Collectivité auteur: OCDE
Format: Livre
Langue:anglais
Publié: París, Francia : OCDE, 2002, c2002
Édition:6a edición
Sujets:
Tags: Ajouter un tag
Pas de tags, Soyez le premier à ajouter un tag!

MARC

LEADER 00000nam^a2200000^a^4500
001 000153220
005 20250521000000.0
009 20260310100312.428
020 |a 92-64-19903-9 
037 |a Acervo ITESO - Biblioteca 
041 |a ING 
082 |a 001. 422  |b OCDE 
110 |a OCDE 
240 1 1 |a [Manual de Frascati] 
245 1 0 |a Frascati Manual :  |b Proposed Standard Practice for Surveys on Research and Experimental Development /  |c OCDE ; pról. de Matsuo Takayuki, Giorgio Sirilli, Fred Gault. 
250 |a 6a edición 
264 4 |a París, Francia :  |b OCDE,  |c 2002, c2002 
300 |a 255 p. 
336 |a texto  |b txt  |2 rdacontenido 
337 |a sin mediación  |b n  |2 rdamedio 
338 |a volumen  |b nc  |2 rdasoporte 
500 |a Traducción de: Manuel de Frascati 2002. Méthode type proposée pour les enquêtes sur la recherche et le développement expérimental 
649 |a XX 
650 |a Encuesta 
650 |a Análisis Estadístico 
650 |a Desarrollo Económico-Social 
650 |a Ciencia y Desarrollo 
650 |a Ciencia -  |x Investigación 
650 |a Economía -  |x Investigación 
650 |a Economía -  |x Metodología 
650 |a Estadística -  |x Metodología 
650 |a Investigación -  |x Manuales 
650 |a Investigación -  |x Metodología 
650 |a Metodología 
910 |a Fondo General 
920 |a Impresos - Libros 
930 |a Colección General 
905 |a 101 
901 |a 0500081887  |b IT1  |c ACC  |u 20250521 
902 |a https://opac.biblio.iteso.mx/vufind/Record/000153220